Determination of binding capacity and adsorption enthalpy between Human Glutamate Receptor (GluR1) peptide fragments and kynurenic acid by surface plasmon resonance experiments. Part 2 Interaction of GluR1270–300 with KYNA /

Elmentve itt :
Bibliográfiai részletek
Szerzők: Csapó Edit
Bogár Ferenc
Juhász Ádám
Sebők Dániel
Szolomájer János
Tóth Gábor
Majláth Zsófia
Vécsei László
Dékány Imre
Dokumentumtípus: Cikk
Megjelent: Elsevier 2015
Sorozat:Colloids and Surfaces B: Biointerfaces 132
doi:10.1016/j.colsurfb.2015.04.044

mtmt:2908470
Online Access:http://publicatio.bibl.u-szeged.hu/6147
LEADER 01173nab a2200289 i 4500
001 publ6147
005 20180818164938.0
008 160202s2015 hu o 0|| zxx d
022 |a 0927-7765 
024 7 |a 10.1016/j.colsurfb.2015.04.044  |2 doi 
024 7 |a 2908470  |2 mtmt 
040 |a SZTE Publicatio Repozitórium  |b hun 
041 |a zxx 
100 1 |a Csapó Edit 
245 1 0 |a Determination of binding capacity and adsorption enthalpy between Human Glutamate Receptor (GluR1) peptide fragments and kynurenic acid by surface plasmon resonance experiments. Part 2  |h [elektronikus dokumentum] :  |b Interaction of GluR1270–300 with KYNA /  |c  Csapó Edit 
260 |a Elsevier  |c 2015 
300 |a 66-72 
490 0 |a Colloids and Surfaces B: Biointerfaces  |v 132 
700 0 1 |a Bogár Ferenc  |e aut 
700 0 1 |a Juhász Ádám  |e aut 
700 0 1 |a Sebők Dániel  |e aut 
700 0 1 |a Szolomájer János  |e aut 
700 0 1 |a Tóth Gábor  |e aut 
700 0 1 |a Majláth Zsófia  |e aut 
700 0 1 |a Vécsei László  |e aut 
700 0 1 |a Dékány Imre  |e aut 
856 4 0 |u http://publicatio.bibl.u-szeged.hu/6147/1/Csap%C3%B3%20E.%20Revised%20Manuscript%20%202014_10_13_black.pdf  |z Dokumentum-elérés